000
00322nam a2200133Ia 4500
999
_c
8825
_d
8825
020
_a
9780071180399
082
_a
658.834
100
_a
Del I. Hawkins, Roger J. Best and Kenneth A. Coney
245
0
_a
Consumer Behavior
250
_a
8th edition
260
_a
USA
_b
McGraw- Hill
_c
2001
300
_a
776
942
_c
MARKETING